[Event "EU Union-ch U12"]
[Site "Kouty nad Desnou"]
[Date "2019.08.22"]
[Round "7"]
[White "Tiitta, Lotta"]
[Black "Leontjeva, Aleksandra"]
[Result "1/2-1/2"]
[WhiteElo "1168"]
[BlackElo "1046"]
[PlyCount "40"]
[EventDate "2019.08.16"]
[EventType "swiss"]
[EventRounds "9"]
[EventCountry "CZE"]
[SourceTitle "EXT 2020"]
[Source "ChessBase"]
[SourceDate "2019.10.17"]
[SourceVersion "1"]
[SourceVersionDate "2019.10.17"]
[SourceQuality "1"]

1. d4 d6 2. Bf4 Nf6 3. Nc3 e6 4. e3 d5 5. Nf3 Bb4 6. Bd3 Nbd7 7. h3 c5 8. a3 Bxc3+ 9. bxc3 c4 10. Be2 Ne4 11. 0-0 Nxc3 12. Qe1 Nxe2+ 13. Qxe2 b5 14. e4 0-0 15. Rfb1 a6 16. a4 Ra7 17. axb5 Nf6 18. exd5 exd5 19. b6 Re7 20. Ne5 Bb7 1/2-1/2

[Event "EU Union-ch U12"]
[Site "Kouty nad Desnou"]
[Date "2019.08.17"]
[Round "2"]
[White "Leontjeva, Aleksandra"]
[Black "Barteckova, Denisa"]
[Result "0-1"]
[WhiteElo "1046"]
[BlackElo "1240"]
[PlyCount "110"]
[EventDate "2019.08.16"]
[EventType "swiss"]
[EventRounds "9"]
[EventCountry "CZE"]
[SourceTitle "EXT 2020"]
[Source "ChessBase"]
[SourceDate "2019.10.17"]
[SourceVersion "1"]
[SourceVersionDate "2019.10.17"]
[SourceQuality "1"]

1. e4 d5 2. exd5 Nf6 3. Nc3 Nxd5 4. Nge2 Nc6 5. d4 Nxc3 6. bxc3 e5 7. d5 Ne7 8. c4 Bg4 9. f3 Bf5 10. Nc3 Nc8 11. Bd3 Bxd3 12. Qxd3 Qh4+ 13. g3 Qd4 14. Qxd4 exd4 15. Ne4 Nb6 16. 0-0 Nxc4 17. Rd1 Ne3 18. Bxe3 dxe3 19. Rd3 0-0-0 20. Ng5 Rd7 21. Kf1 h6 22. Nh3 Bc5 23. Ke2 g5 24. f4 g4 25. Ng1 Re8 26. h3 h5 27. h4 f5 28. Kf1 Rde7 29. Ne2 a6 30. a4 a5 31. Rb1 Re4 32. Ra1 Rc4 33. Rc3 Ree4 34. Rxc4 Rxc4 35. c3 Kd7 36. Nd4 Bxd4 37. cxd4 Rxd4 38. Ke2 Rxd5 39. Kxe3 Kd6 40. Rb1 b6 41. Ke2 Kc6 42. Rc1+ Kb7 43. Ke3 c5 44. Rb1 Kc6 45. Rb2 c4 46. Rb1 Rd3+ 47. Kf2 Rb3 48. Re1 Kd5 49. Re5+ Kd4 50. Ke2 c3 51. Re8 Rb2+ 52. Kd1 Kc4 53. Rc8+ Kb3 54. Ke1 c2 55. Rc6 Ka2 0-1